Civil Society in the Middle East, Volume 1 /
Launched in 1992, the Civil Society in the Middle East program has brought together dozens of leading scholars to analyze political life through an exploration of civil society within the states of the region. This is the first of two volumes to be published by Brill; it contains original studies of...
مؤلفون آخرون:
التنسيق: كتاب الكتروني
اللغة: English
منشور في:
Leiden; Boston :
BRILL,
1994.
سلاسل:
Social, Economic and Political Studies of the Middle East and Asia ;
50/1.
الموضوعات:
الوصول للمادة أونلاين: Login to view Source
الوسوم: إضافة وسم
رقم الطلب: JC336
| LEADER | 03327nam a22004811i 4500 | ||
|---|---|---|---|
| 001 | BRILL9789004492592 | ||
| 003 | nllekb | ||
| 005 | 20220508163502.0 | ||
| 006 | m d | ||
| 007 | cr un uuuua | ||
| 008 | 201027s1994 ne sb 001 0 eng d | ||
| 010 | |z 94033780 | ||
| 020 | |a 9789004492592 |q (electronic book) | ||
| 020 | |a 9789004100374 |q (print) | ||
| 024 | 7 | |a 10.1163/9789004492592 |2 DOI | |
| 035 | |a (OCoLC)45842748 | ||
| 040 | |a NL-LeKB |c NL-LeKB |e rda | ||
| 050 | 4 | |a JC336 | |
| 072 | 7 | |a JH |2 bicssc | |
| 072 | 7 | |a SOC |x 026000 |2 bisacsh | |
| 072 | 7 | |a SOC |x 002000 |2 bisacsh | |
| 082 | 0 | 4 | |a 320.956 |2 23 |
| 245 | 0 | 0 | |a Civil Society in the Middle East, Volume 1 / |c edited byNorton. |
| 264 | 1 | |a Leiden; |a Boston : |b BRILL, |c 1994. | |
| 300 | |a 1 online resource. | ||
| 336 | |a text |b txt |2 rdacontent | ||
| 337 | |a computer |b c |2 rdamedia | ||
| 338 | |a online resource |2 rdacarrier | ||
| 490 | 1 | |a Social, Economic and Political Studies of the Middle East and Asia ; |v 50/1 | |
| 504 | |a Includes bibliographical references and index. | ||
| 505 | 0 | |a Augustus Richard Norton, 'The Future of Civil Society in the Middle East.' -- Raymond A. Hinnebusch, 'Civil Society and Democratization in Syria.' -- Laurie Brand, 'Democratic Experimentation and Civil Society in Jordan.' -- Muhammad Muslih, 'Palestinian Civil Society and the Palestinian State.' -- Mustafa Kamil al-Sayyid, 'Does Civil Society Matter in Egypt?' -- Ghanim al-Najjar & Neil Hicks, 'Civil Society Under Occupation in Kuwait.' -- Eva Bellin, 'Tunisian Civil Society.' -- Jill Crystal, 'Civil Society in the Gulf States.' -- Saad al-Din Ibrahim, 'Democracy and Authoritarianism in the Arab World.' -- Alan Richards, 'Economic Challenges in the Middle East.' -- Jillian Schwedler, 'Bibliographic Essay.'. | |
| 520 | |a Launched in 1992, the Civil Society in the Middle East program has brought together dozens of leading scholars to analyze political life through an exploration of civil society within the states of the region. This is the first of two volumes to be published by Brill; it contains original studies of Egypt, Jordan, Kuwait, Syria, Tunisia, the West Bank and Gaza, as well as the prospects for democratization in the Arab world, the consequences of economic liberalization and contemporary Islamic thought on civil society and democracy. This first volume offers a wealth of new material on unions, political parties and professional syndicates, and other components of civil society, as the authors weigh the prospects for political reform in the Middle East, and provide readable yet richly informed assessments of state-society relations. | ||
| 588 | |a Description based on print version record. | ||
| 650 | 0 | |a Civil society |z Middle East. | |
| 650 | 0 | |a Covenants |x Political aspects |z Middle East. | |
| 650 | 0 | |a Islam and politics |z Middle East. | |
| 700 | 1 | |a Norton, |e editor. | |
| 776 | 0 | 8 | |i Print version: |t Civil Society in the Middle East, Volume 1. |d Leiden ; Boston : BRILL, 1994 |z 9789004100374 |w (OCoLC)31010258 |
| 830 | 0 | |a Social, Economic and Political Studies of the Middle East and Asia ; |v 50/1. | |
| 856 | 4 | |z DOI: |u http://dx.doi.org/10.1163/9789004492592 | |
| 942 | |2 lcc |c EBOOK | ||
| 952 | |0 0 |1 0 |2 lcc |4 0 |7 1 |9 39976 |a BRILL |b BRILL |d 2022-05-08 |l 0 |r 2022-05-08 00:00:00 |w 2022-05-08 |y EBOOK | ||
| 999 | |c 47278 |d 47278 | ||
